Bible Characters - Sudden Death - Statistics

General Stats
  • This quiz has been taken 932 times
    894 since last reset
  • The average score is 10 of 17
Answers on the Grid
Answers color-coded by a green-red scale on the quiz's grid according to % correct below.
King Daniel
King Solomon
Adam
Eve
Mary Magdalene
Socrates
Julius Caesar
Simon the Zealot
Plato
Alexander the Great
King Darius
Aaron
Lazarus
Thucydides
Jesus
Ezra
Elika
Amos
Hosea
Muhammad
Moses
Ruth
Percious
Ulysses
Joshua
Saul
Aragorn
Radagast
Diggory
Malachi
 
Answer Stats
Answer % Correct
Jesus
77%
Adam
75%
Moses
73%
Eve
72%
Joshua
69%
King Solomon
68%
Saul
67%
Lazarus
66%
Ruth
65%
Mary Magdalene
63%
Aaron
57%
Ezra
57%
Malachi
50%
Hosea
48%
Simon the Zealot
47%
Amos
45%
King Darius
32%
No matching quizzes found
Score Distribution
Percent of People with Each Score
Percentile by Number Answered
Your Score History
You have not taken this quiz since the last reset